000 00241nam a22001097a 4500
008 170125b xxu||||| |||| 00| 0 eng d
020 _a0801630576
041 _aeng
080 _a61
245 _aemergency medicine
_cROSEN, P
942 _2udc
_cBK
999 _c3650
_d3650